Score 0/30 Timer 04:00
0 Plays Today
Movie Missing Word % Correct
To Kill a ___Mockingbird
98%
Breakfast at ___Tiffany's
96.4%
___ Metal JacketFull
89.5%
___ by MeStand
88.9%
Cool ___ LukeHand
85.6%
Ben-___Hur
80.3%
The ___ House RulesCider
68.9%
___ NeverlandFinding
66.2%
The French ___Connection
64.6%
___ a BoyAbout
60.6%
On ___ PondGolden
59.1%
The ___ WorkerMiracle
57.2%
Children of a ___ GodLesser
57%
Kiss of the ___ WomanSpider
49.2%
___ NowApocalypse
47%
Movie Missing Word % Correct
The Last ___ ShowPicture
43.7%
The ___ GardenerConstant
43.2%
___ CowboyMidnight
41.8%
Lust for ___Life
38.7%
Mary ___Poppins
33.7%
___ EndHowards
27.8%
The ___ of the DayRemains
27.7%
___ and MonstersGods
24.4%
___ BabyRosemary's
23.3%
Wonder ___Boys
19.6%
Little ___Dorrit
17.7%
___, ColumbusGoodbye
15.7%
___ FoolNobody's
14.6%
California ___Suite
14%
___ of the CityPrince
4.6%

Today's Daily Dose

Remove Ads.
Support Sporcle.
Get the best of Sporcle when you Go Orange. This ad-free experience offers more features, more stats, and more fun while also helping to support Sporcle. Thank you for becoming a member.

You're not logged in!

Compare scores with friends on all Sporcle quizzes.
OR
Log In

Show Comments

Extras

Top Quizzes Today


Score Distribution

Your Account Isn't Verified!

In order to create a playlist on Sporcle, you need to verify the email address you used during registration. Go to your Sporcle Settings to finish the process.

Report this User

Report this user for behavior that violates our Community Guidelines.

Details: